[Event "35. Potsdamer Weihnachtsturnier"]
[Site "?"]
[Date "2010.12.28"]
[Round "4.1"]
[White "Hahlbohm, Matthias"]
[Black "Kalinitschew, Sergey"]
[Result "1-0"]
[WhiteElo "2076"]
[BlackElo "2436"]
[PlyCount "73"]
[EventDate "2010.??.??"]
[WhiteTeam "TSG Oberschöneweide e.V."]
[BlackTeam "SC Kreuzberg e.V."]

1. e4 d5 2. e5 c5 3. c3 Nc6 4. f4 Nh6 5. Bd3 Bf5 6. Bxf5 Nxf5 7. e6 fxe6 8. Nf3
Qd6 9. O-O g6 10. Qe2 Bg7 11. Re1 O-O 12. d3 d4 13. c4 Ne3 14. Nbd2 Rxf4 15.
Ne4 Rxe4 16. dxe4 Bh6 17. a3 Rf8 18. Bxe3 Bxe3+ 19. Kh1 Rf4 20. e5 Nxe5 21.
Nxe5 Qxe5 22. Rf1 Rh4 23. h3 Qe4 24. Rf3 e5 25. b4 Qc6 26. bxc5 Qxc5 27. Rb1 e4
28. Rff1 d3 29. Qe1 Bg5 30. Qg3 Kg7 31. Rb5 Qe3 32. Rxg5 Qxg3 33. Rxg3 Rh5 34.
Re3 Re5 35. Rfe1 d2 36. Rd1 Kf6 37. Rxd2 1-0

[Event "35. Potsdamer Weihnachtsturnier"]
[Site "?"]
[Date "2010.12.28"]
[Round "4.2"]
[White "Von Herman, Ulf"]
[Black "Schirrmacher, Carsten"]
[Result "1/2-1/2"]
[WhiteElo "2404"]
[BlackElo "2060"]
[PlyCount "54"]
[EventDate "2010.??.??"]
[WhiteTeam "SK König Tegel 1949 e.V."]
[BlackTeam "SC Zitadelle Spandau 1977 e.V."]

1. d4 d5 2. Nf3 c5 3. c4 e6 4. g3 Nc6 5. Bg2 Nf6 6. O-O Be7 7. cxd5 exd5 8. Nc3
O-O 9. Bg5 c4 10. Ne5 Be6 11. Nxc6 bxc6 12. b3 Qa5 13. Na4 Rfd8 14. e3 c5 15.
Bxf6 gxf6 16. dxc5 Bxc5 17. Qh5 Rac8 18. Rfd1 c3 19. Rac1 Bb4 20. Rd4 c2 21.
Bh3 Bxh3 22. Qxh3 Ba3 23. Qh6 f5 24. Qg5+ Kf8 25. Qf6 Bxc1 26. Qh8+ Ke7 27.
Qe5+ Kf8 1/2-1/2

[Event "35. Potsdamer Weihnachtsturnier"]
[Site "?"]
[Date "2010.12.28"]
[Round "4.3"]
[White "Scholz, Robert"]
[Black "Dauth, Benjamin"]
[Result "0-1"]
[WhiteElo "1876"]
[BlackElo "2329"]
[PlyCount "34"]
[EventDate "2010.??.??"]
[WhiteTeam "USV Potsdam e.V., Abt. Schach"]
[BlackTeam "SC Rotation Pankow e.V."]

1. e4 e5 2. Nf3 Nc6 3. Bb5 f5 4. exf5 e4 5. Bxc6 dxc6 6. Ne5 Bxf5 7. O-O Nf6 8.
d4 Bd6 9. Nc3 O-O 10. Bg5 Qe8 11. f4 exf3 12. Rxf3 Nd5 13. Nc4 Bxh2+ 14. Kxh2
Qh5+ 15. Kg1 Qxg5 16. Ne2 Bg4 17. Rg3 Qh5 0-1

[Event "35. Potsdamer Weihnachtsturnier"]
[Site "?"]
[Date "2010.12.28"]
[Round "4.4"]
[White "Hahn, Thomas"]
[Black "Schaefer, Heiko"]
[Result "1-0"]
[WhiteElo "1843"]
[BlackElo "2124"]
[PlyCount "93"]
[EventDate "2010.??.??"]
[WhiteTeam "SC Empor Potsdam 1952 e.V."]
[BlackTeam "Potsdamer SV Mitte e.V."]

1. d4 e6 2. Bf4 f5 3. Nf3 Nf6 4. e3 b6 5. Be2 Bb7 6. O-O Be7 7. c4 Nh5 8. Nc3
Nxf4 9. exf4 O-O 10. a3 a5 11. d5 Na6 12. Nd4 Bf6 13. dxe6 Bxd4 14. Qxd4 Nc5
15. Rad1 d6 16. Rfe1 Nxe6 17. Qe3 Re8 18. Bf3 Bxf3 19. Qxf3 Qd7 20. Qd5 Qf7 21.
g3 Rad8 22. Re3 Nc5 23. Rde1 Rxe3 24. Rxe3 Qxd5 25. Nxd5 Kf8 26. Nxc7 Rc8 27.
Nb5 Nb7 28. Re6 Rxc4 29. Nxd6 Nxd6 30. Rxd6 b5 31. Rd5 g6 32. Rxb5 Rc2 33. b3
Rc3 34. Rxa5 Rxb3 35. Ra7 h5 36. a4 h4 37. a5 h3 38. Kf1 Rb1+ 39. Ke2 Rb2+ 40.
Ke3 Rb3+ 41. Kd4 Rb2 42. Rh7 Rxf2 43. a6 Rxh2 44. a7 Ra2 45. a8=Q+ Rxa8 46.
Rh8+ Kg7 47. Rxa8 1-0

[Event "35. Potsdamer Weihnachtsturnier"]
[Site "?"]
[Date "2010.12.28"]
[Round "4.5"]
[White "Hein, Carsten"]
[Black "Bauer, Mirko"]
[Result "1-0"]
[WhiteElo "2171"]
[BlackElo "1691"]
[PlyCount "65"]
[EventDate "2010.??.??"]
[WhiteTeam "SC Empor Potsdam 1952 e.V."]
[BlackTeam "SAV Torgelow"]

1. e4 c5 2. Nf3 Nc6 3. Bb5 d6 4. O-O Bd7 5. c3 Nf6 6. d3 e6 7. Nbd2 Be7 8. Re1
O-O 9. Ba4 Qb8 10. Nf1 b5 11. Bc2 e5 12. Bg5 Qc7 13. Ne3 h6 14. Bh4 Nh7 15. Bg3
Ng5 16. Nd2 Ne6 17. Nf5 Bg5 18. Nf1 g6 19. N5e3 Qd8 20. Nd5 Nc7 21. f4 exf4 22.
Nxf4 Bh4 23. Qd2 Bxg3 24. Nxg3 Kg7 25. Rf1 Ne5 26. d4 Nc4 27. Qf2 Qg5 28. h4
Qe7 29. Rae1 Bc6 30. Nf5+ gxf5 31. exf5 Qd7 32. Re7 Qxe7 33. f6+ 1-0

[Event "35. Potsdamer Weihnachtsturnier"]
[Site "?"]
[Date "2010.12.28"]
[Round "4.6"]
[White "Reich, Christian"]
[Black "Koenig, Marco"]
[Result "0-1"]
[WhiteElo "1590"]
[BlackElo "2093"]
[PlyCount "21"]
[EventDate "2010.??.??"]
[WhiteTeam "SC Straubing"]
[BlackTeam "Burger SK Schwarz-Weiß"]

1. e4 c5 2. Nf3 e6 3. c4 Nc6 4. Nc3 d6 5. d4 cxd4 6. Nxd4 Nf6 7. Nf3 Be7 8. Be2
O-O 9. O-O a6 10. a3 Qc7 11. b4 0-1

[Event "35. Potsdamer Weihnachtsturnier"]
[Site "?"]
[Date "2010.12.28"]
[Round "4.7"]
[White "Cremer, Jan Paul"]
[Black "Galkin, Wladislaw"]
[Result "1/2-1/2"]
[WhiteElo "2003"]
[BlackElo "1924"]
[PlyCount "44"]
[EventDate "2010.??.??"]
[WhiteTeam "Schachpinguine Berlin e.V."]
[BlackTeam "SC Ladja Roßdorf"]

1. e4 e5 2. Nf3 Nc6 3. Bb5 a6 4. Ba4 Nf6 5. O-O b5 6. Bb3 Be7 7. Re1 d6 8. c3
O-O 9. h3 Na5 10. Bc2 c5 11. d4 Qc7 12. Nbd2 Rd8 13. d5 c4 14. Nf1 Nb7 15. Bg5
Nc5 16. Ng3 a5 17. Qd2 Rb8 18. Nf5 Bxf5 19. exf5 h6 20. Be3 Nfe4 21. Qe2 Ng5
22. Nxg5 Bxg5 1/2-1/2

[Event "35. Potsdamer Weihnachtsturnier"]
[Site "?"]
[Date "2010.12.28"]
[Round "4.8"]
[White "Petrak, Falk"]
[Black "Grottke, Hans-Joachim"]
[Result "0-1"]
[WhiteElo "1950"]
[BlackElo "2223"]
[PlyCount "74"]
[EventDate "2010.??.??"]
[WhiteTeam "Potsdamer SV Mitte e.V."]
[BlackTeam "SC Empor Potsdam 1952 e.V."]

1. Nf3 d5 2. b3 Nf6 3. Bb2 e6 4. e3 Be7 5. c4 O-O 6. Nc3 c5 7. d4 b6 8. cxd5
exd5 9. Bd3 Bg4 10. dxc5 bxc5 11. h3 Be6 12. Rc1 Nbd7 13. Ne2 Bd6 14. Bb1 Qe7
15. Nc3 Rac8 16. O-O h6 17. Qc2 Rfd8 18. Rfd1 Nf8 19. Qe2 Bb8 20. Na4 N8d7 21.
Ba3 Bd6 22. Qb5 Ne4 23. Nc3 Ng5 24. Qe2 Nf6 25. Nxg5 hxg5 26. Bb2 Bb8 27. Nb5
a6 28. Bxf6 Qxf6 29. Na3 g6 30. Nc2 g4 31. hxg4 Qh4 32. g3 Qh3 33. Qf1 Qxg4 34.
Qg2 Kg7 35. f4 d4 36. Kf2 d3 37. Na3 d2 0-1

[Event "35. Potsdamer Weihnachtsturnier"]
[Site "?"]
[Date "2010.12.28"]
[Round "4.9"]
[White "Peschel, Andreas"]
[Black "Segerberg, Tomas"]
[Result "1/2-1/2"]
[WhiteElo "2177"]
[BlackElo "1954"]
[PlyCount "60"]
[EventDate "2010.??.??"]
[WhiteTeam "SG Solingen e.V."]
[BlackTeam "SG Narva Berlin e.V."]

1. d4 e6 2. Nf3 Nf6 3. c4 b6 4. g3 Ba6 5. Qc2 Bb4+ 6. Bd2 Be7 7. Bg2 c6 8. O-O
d5 9. Ne5 Nfd7 10. cxd5 cxd5 11. Nxd7 Qxd7 12. Nc3 O-O 13. Rfc1 Nc6 14. Nxd5
Nxd4 15. Nxe7+ Qxe7 16. Qa4 Nxe2+ 17. Kh1 Nxc1 18. Qxa6 Rad8 19. Bxc1 Rd1+ 20.
Bf1 Qc5 21. b4 Qc6+ 22. Kg1 Rxc1 23. Rxc1 Qxc1 24. Qxa7 Qc6 25. Qa3 Qd6 26. Qb3
g6 27. a4 Qd4 28. a5 bxa5 29. bxa5 Qa7 30. a6 Rb8 1/2-1/2

[Event "35. Potsdamer Weihnachtsturnier"]
[Site "?"]
[Date "2010.12.28"]
[Round "4.10"]
[White "Rosenau, Sven"]
[Black "Pueschel, Werner"]
[Result "0-1"]
[WhiteElo "1945"]
[BlackElo "2173"]
[PlyCount "94"]
[EventDate "2010.??.??"]
[WhiteTeam "SC Iffezheim"]
[BlackTeam "SG Lasker Steglitz-Wilmersdorf"]

1. d4 Nf6 2. Nf3 g6 3. c3 Bg7 4. Bf4 d6 5. Nbd2 Nh5 6. g3 c6 7. Qb3 Nxf4 8.
gxf4 Qc7 9. e3 Be6 10. Bc4 d5 11. Bd3 Nd7 12. Qc2 Nf8 13. Nb3 Bg4 14. Nfd2 e6
15. h3 Bh5 16. Be2 Bxe2 17. Kxe2 Nd7 18. Nf3 Nf6 19. Nbd2 Nh5 20. Rag1 O-O-O
21. b4 Kb8 22. a4 f6 23. Nb3 Rde8 24. c4 e5 25. fxe5 fxe5 26. cxd5 exd4 27.
Nbxd4 Nf4+ 28. Kd2 Nxd5 29. Qc4 Rhf8 30. Rg2 Nb6 31. Qb3 Qd6 32. Kc1 Nd5 33.
Rd1 Bxd4 34. Nxd4 Qxb4 35. Qxb4 Nxb4 36. Nb3 Rf7 37. Nc5 Kc7 38. Rd4 Nd5 39.
Nd3 Nc3 40. Kd2 Ne4+ 41. Ke2 c5 42. Rc4 b6 43. Rg4 Nd6 44. Rc2 Nf5 45. Rcc4 Nd6
46. Rc2 Kb7 47. f3 Nf5 0-1

[Event "35. Potsdamer Weihnachtsturnier"]
[Site "?"]
[Date "2010.12.28"]
[Round "4.11"]
[White "Perestjuk, Marko"]
[Black "Cusnariov, Nicolai"]
[Result "0-1"]
[WhiteElo "1944"]
[BlackElo "2167"]
[PlyCount "112"]
[EventDate "2010.??.??"]
[WhiteTeam "SC Zitadelle Spandau 1977 e.V."]
[BlackTeam "USV Potsdam e.V., Abt. Schach"]

1. e4 c6 2. d4 d5 3. e5 c5 4. dxc5 e6 5. Be3 Qc7 6. Nf3 Bxc5 7. Bxc5 Qxc5 8.
Bd3 Nc6 9. O-O Nge7 10. c3 Ng6 11. Re1 Qe7 12. Nbd2 O-O 13. Qa4 f5 14. exf6
Qxf6 15. Bxg6 hxg6 16. c4 Qxb2 17. cxd5 exd5 18. Qh4 Qb4 19. Ne4 Rxf3 20. Rab1
Re3 21. fxe3 Qxe4 22. Qxe4 dxe4 23. Rec1 Kf7 24. Rc4 Kg8 25. Rcc1 a5 26. Rb6
Ra7 27. Rcb1 a4 28. a3 Kf7 29. R1b5 Ke6 30. Rg5 Kf6 31. Rgb5 g5 32. h3 g6 33.
g4 Be6 34. Rxb7 Rxb7 35. Rxb7 Ne5 36. Rb4 Bb3 37. Rxe4 Nc4 38. Re8 Nxa3 39. e4
Nc4 40. Rb8 Nd2 41. Kf2 Nxe4+ 42. Ke3 Nc3 43. Kd3 Nd5 44. Kd4 Nf4 45. Rb6+ Kg7
46. Rb7+ Kh6 47. Rb8 Bd5 48. Re8 a3 49. Re3 a2 50. Ra3 Kg7 51. Ke5 Bf7 52. Ra6
Nxh3 53. Ke4 Nf2+ 54. Kf3 Nd3 55. Ke3 Nb4 56. Ra7 Nc2+ 0-1

[Event "35. Potsdamer Weihnachtsturnier"]
[Site "?"]
[Date "2010.12.28"]
[Round "4.12"]
[White "Schmidt, Joerg"]
[Black "Richter, Hans-Peter"]
[Result "1-0"]
[WhiteElo "2125"]
[BlackElo "1946"]
[PlyCount "49"]
[EventDate "2010.??.??"]
[WhiteTeam "SV Aufbau Bernburg"]
[BlackTeam "SC Empor Potsdam 1952 e.V."]

1. e4 d5 2. exd5 Qxd5 3. Nf3 g6 4. c4 Qd8 5. Nc3 Bg7 6. d4 Nf6 7. Be2 O-O 8.
O-O Re8 9. Bf4 Nh5 10. Be3 Nc6 11. d5 Nb8 12. Qb3 c6 13. Rad1 Qc7 14. Ng5 h6
15. Nge4 f5 16. d6 Qa5 17. Bxh5 gxh5 18. c5+ e6 19. Ng3 f4 20. Bxf4 Qxc5 21.
Qc2 Kf7 22. Nge4 Qa5 23. d7 Nxd7 24. Nd6+ Ke7 25. Qg6 1-0

[Event "35. Potsdamer Weihnachtsturnier"]
[Site "?"]
[Date "2010.12.28"]
[Round "4.13"]
[White "Witt, Ronald"]
[Black "Rennhack, Peer"]
[Result "0-1"]
[WhiteElo "2099"]
[BlackElo "1935"]
[PlyCount "135"]
[EventDate "2010.??.??"]
[WhiteTeam "Schachfreunde Zehdenick 76 e.V."]
[BlackTeam "Sabt Frankfurter TV 1860"]

1. e4 Nf6 2. Nc3 d5 3. exd5 Nxd5 4. Bc4 e6 5. Qf3 Nb6 6. Bb3 Nc6 7. Nge2 Be7 8.
O-O O-O 9. Rd1 a5 10. a4 Bf6 11. Ne4 Nd7 12. Nxf6+ Nxf6 13. d4 e5 14. Bg5 Bg4
15. Qxg4 Nxg4 16. Bxd8 Raxd8 17. h3 Nf6 18. d5 Nb4 19. c4 Ne4 20. Nc3 Nc5 21.
Ra3 Rd7 22. Rd2 Rfd8 23. Re2 f6 24. Ne4 Nxe4 25. Rxe4 Kf8 26. Ra1 c6 27. Rc1
cxd5 28. cxd5 Nxd5 29. Bxd5 Rxd5 30. Rc7 Rd1+ 31. Kh2 R8d7 32. Rec4 Ke7 33.
R7c5 R1d5 34. Rxd5 Rxd5 35. Rc7+ Rd7 36. Rc5 b6 37. Rc6 Rb7 38. Kg3 Kd7 39. Rc3
Rc7 40. Rd3+ Ke6 41. f3 Rc4 42. b3 Rd4 43. Rc3 Rd2 44. Rc6+ Rd6 45. Rc7 g5 46.
Kf2 h5 47. Ke2 h4 48. Rc8 Kd5 49. Kd3 Ke6+ 50. Ke3 Kf5 51. Rb8 Re6 52. Rd8 Rc6
53. Rd3 Rc2 54. Rd6 Rc3+ 55. Rd3 Rxd3+ 56. Kxd3 Kf4 57. Ke2 Kg3 58. Kf1 f5 59.
Kg1 e4 60. fxe4 fxe4 61. Kf1 e3 62. Ke2 Kxg2 63. Kxe3 Kxh3 64. Kd4 g4 65. Kc4
g3 66. Kb5 g2 67. Kxb6 g1=Q+ 68. Kxa5 0-1

[Event "35. Potsdamer Weihnachtsturnier"]
[Site "?"]
[Date "2010.12.28"]
[Round "4.14"]
[White "Schrodt, Sebastian"]
[Black "Scholz, Ralf-Dieter"]
[Result "1-0"]
[WhiteElo "2085"]
[BlackElo "1898"]
[PlyCount "159"]
[EventDate "2010.??.??"]
[WhiteTeam "BSV 63 Chemie Weißensee"]
[BlackTeam "USV Potsdam e.V., Abt. Schach"]

1. Nf3 Nf6 2. g3 g6 3. Bg2 Bg7 4. O-O O-O 5. c4 c5 6. Nc3 Nc6 7. b3 Ne4 8. Bb2
d6 9. Qc2 Bf5 10. Nxe4 Bxe4 11. Qxe4 Bxb2 12. Rab1 Bg7 13. e3 e5 14. a3 a5 15.
Rfd1 Rb8 16. h4 h6 17. Qg4 Qe8 18. h5 g5 19. e4 Rd8 20. Bh3 Kh8 21. Kg2 Qe7 22.
Rh1 Rg8 23. Rh2 b6 24. Rbh1 Bf6 25. d3 Rg7 26. Nd2 Nd4 27. Nf1 Rgg8 28. Ne3 Bg7
29. Nd5 Qa7 30. Rb1 Nc6 31. Qf5 Nd4 32. Qg4 Nc6 33. Qf5 Rgf8 34. Nf6 Bxf6 35.
Qxf6+ Kg8 36. Bf5 Ne7 37. Qxh6 Nxf5 38. Qxg5+ Ng7 39. h6 f6 40. Qxg7+ Qxg7 41.
hxg7 Kxg7 42. Rbh1 Kf7 43. Rh7+ Ke6 44. Rb7 Rb8 45. Rhh7 Rfe8 46. Rhe7+ Rxe7
47. Rxb8 Ra7 48. a4 Ra6 49. Rb7 Ra8 50. g4 Rg8 51. f3 Ra8 52. Rh7 Rb8 53. Kg3
Rg8 54. Kh4 Rf8 55. Kh5 Rb8 56. Kg6 Rg8+ 57. Kh6 Rb8 58. Kh5 Rc8 59. Kh4 Rb8
60. Kg3 Rc8 61. Kg2 Rb8 62. Rg7 Rc8 63. Rb7 Rg8 64. Rxb6 Ra8 65. Rb7 Ra6 66.
Kg3 Ra8 67. f4 exf4+ 68. Kxf4 Ra6 69. Ke3 Ra8 70. d4 cxd4+ 71. Kxd4 Rg8 72. Ra7
Rxg4 73. Rxa5 Rf4 74. Rb5 Rf1 75. a5 Rd1+ 76. Ke3 Ra1 77. b4 Ra3+ 78. Kf4 Ra1
79. Rb6 Rf1+ 80. Ke3 1-0

[Event "35. Potsdamer Weihnachtsturnier"]
[Site "?"]
[Date "2010.12.28"]
[Round "4.15"]
[White "Bachran, Boris"]
[Black "Bauer, Norbert"]
[Result "1/2-1/2"]
[WhiteElo "1944"]
[BlackElo "2082"]
[PlyCount "125"]
[EventDate "2010.??.??"]
[WhiteTeam "SG Lok Brandenburg, Abt. Schach"]
[BlackTeam "SAV Torgelow"]

1. d4 Nf6 2. Nf3 e6 3. Bf4 c5 4. c3 b6 5. e3 Bb7 6. Nbd2 Be7 7. Bd3 cxd4 8.
exd4 O-O 9. O-O d6 10. Qe2 Nbd7 11. Rfe1 Re8 12. Bc4 Nd5 13. Bg3 a6 14. Bd3 b5
15. a3 Nf8 16. Rac1 Ng6 17. Bxg6 hxg6 18. h3 Nb6 19. c4 bxc4 20. Nxc4 Nxc4 21.
Rxc4 Bd5 22. Rc2 Qb6 23. Qd2 Bf6 24. Qb4 Qxb4 25. axb4 Red8 26. Rd2 Rab8 27.
Ra1 Rxb4 28. Rxa6 Bxf3 29. gxf3 Rxd4 30. Rxd4 Bxd4 31. Rxd6 Rxd6 32. Bxd6 Bxb2
33. Kg2 Bd4 34. Bb4 f6 35. Bd6 Kf7 36. Kf1 Ke8 37. Bb4 Kd7 38. Ba3 Kc6 39. Ke2
Kd5 40. Bc1 Bc5 41. Bb2 Kc4 42. Bc1 g5 43. Bd2 Kd5 44. Bc3 Bd4 45. Bd2 Ke5 46.
Kf1 Kf5 47. Kg2 e5 48. Bc1 Kg6 49. Ba3 f5 50. Bd6 Kh5 51. Be7 g4 52. hxg4+ fxg4
53. fxg4+ Kxg4 54. f3+ Kf4 55. Bf8 g5 56. Bh6 Bc5 57. Bg7 Kf5 58. Kg3 Bd6 59.
Kh3 Kg6 60. Bh8 Kf5 61. Bg7 Be7 62. Kg3 Bd6 63. Kh3 1/2-1/2

[Event "35. Potsdamer Weihnachtsturnier"]
[Site "?"]
[Date "2010.12.28"]
[Round "4.16"]
[White "Lange, Werner"]
[Black "Allgaier, Erik"]
[Result "0-1"]
[WhiteElo "1930"]
[BlackElo "2074"]
[PlyCount "100"]
[EventDate "2010.??.??"]
[WhiteTeam "SSV Rotation Berlin e.V."]
[BlackTeam "BVG Helmholtz"]

1. e4 g6 2. d4 Bg7 3. f4 d5 4. e5 e6 5. Bd3 c5 6. c3 cxd4 7. cxd4 Nc6 8. Nf3
Nge7 9. Nc3 Bd7 10. Be3 a6 11. O-O O-O 12. Rc1 b5 13. Kh1 Qa5 14. Bb1 b4 15.
Ne2 Rfc8 16. Bf2 Na7 17. Qd2 Rc4 18. b3 Rxc1 19. Rxc1 Qb6 20. Ne1 Rc8 21. Nd3
Rxc1+ 22. Nexc1 a5 23. Nc5 Bc8 24. Qe2 Qc6 25. Qd2 Nb5 26. Ne2 Bf8 27. Bd3 Nf5
28. Bxf5 gxf5 29. Qd3 Nc7 30. Qe3 Qb5 31. Nc1 Qf1+ 32. Bg1 Nb5 33. Qe2 Qxe2 34.
Nxe2 Nc3 35. Nxc3 bxc3 36. Be3 f6 37. Kg1 fxe5 38. fxe5 Kf7 39. h4 Bxc5 40.
dxc5 Kg6 41. Bd4 c2 42. Bb2 d4 43. Kf2 f4 44. a3 Kf5 45. b4 axb4 46. axb4 Bd7
47. g3 fxg3+ 48. Kxg3 Kxe5 49. Kf3 Kd5 50. Kf4 e5+ 0-1

[Event "35. Potsdamer Weihnachtsturnier"]
[Site "?"]
[Date "2010.12.28"]
[Round "4.17"]
[White "Wiezer, Siegfried"]
[Black "Binder, Thomas"]
[Result "1-0"]
[WhiteElo "2014"]
[BlackElo "1885"]
[PlyCount "57"]
[EventDate "2010.??.??"]
[WhiteTeam "SV Königsjäger Süd-West e.V."]
[BlackTeam "SF Siemensstadt"]

1. Nf3 d5 2. d4 Nf6 3. Bg5 e6 4. e3 Be7 5. Bd3 O-O 6. c4 c6 7. Nc3 Nbd7 8. Qc2
dxc4 9. Bxc4 h6 10. Bh4 Nd5 11. Bxe7 Qxe7 12. g4 Nxc3 13. Qxc3 c5 14. O-O-O a6
15. Be2 b5 16. g5 h5 17. Kb1 Bb7 18. Qd3 e5 19. dxc5 Nxc5 20. Qa3 Rac8 21. Rhf1
Qe6 22. Nd2 Qf5+ 23. Ka1 Rfd8 24. Bxh5 Nd3 25. f3 Rc2 26. Nb1 Qd7 27. Bg4 Qd5
28. Bf5 b4 29. Qxd3 1-0

[Event "35. Potsdamer Weihnachtsturnier"]
[Site "?"]
[Date "2010.12.28"]
[Round "4.18"]
[White "Sonntag, Sven"]
[Black "Mueller, Klaus"]
[Result "0-1"]
[WhiteElo "1909"]
[BlackElo "2002"]
[PlyCount "34"]
[EventDate "2010.??.??"]
[WhiteTeam "SK Dessau 93 e. V."]
[BlackTeam "SG Lok Brandenburg, Abt. Schach"]

1. c4 c6 2. d4 d5 3. e3 Nf6 4. Nc3 e6 5. Bd3 Nbd7 6. Nf3 Bd6 7. O-O O-O 8. Qc2
h6 9. Re1 Re8 10. Bd2 e5 11. cxd5 cxd5 12. e4 dxe4 13. Nxe4 Nxe4 14. Bxe4 Nf6
15. dxe5 Nxe4 16. Qxe4 Bxe5 17. Bc3 Bxh2+ 0-1

[Event "35. Potsdamer Weihnachtsturnier"]
[Site "?"]
[Date "2010.12.28"]
[Round "4.19"]
[White "Große, Michael"]
[Black "Kuckel, Andreas"]
[Result "1-0"]
[WhiteElo "1901"]
[BlackElo "1985"]
[PlyCount "73"]
[EventDate "2010.??.??"]
[WhiteTeam "SC Empor Potsdam 1952 e.V."]
[BlackTeam "SV Motor Wildau e.V."]

1. Nf3 d5 2. b3 e6 3. Bb2 f5 4. h4 Nf6 5. h5 c5 6. e3 Nc6 7. Bb5 Bd6 8. Ne5 Bd7
9. Nxd7 Qxd7 10. h6 O-O-O 11. Bxc6 bxc6 12. Qe2 e5 13. Qa6+ Kb8 14. Na3 g5 15.
f3 Rhf8 16. O-O-O Qb7 17. Qa4 Nd7 18. d4 cxd4 19. exd4 Bb4 20. c3 Bd6 21. dxe5
Bxe5 22. Nc2 Nb6 23. Qb4 Rc8 24. Qc5 Nd7 25. Qe7 Bf4+ 26. Kb1 Nf6 27. Rde1 Rce8
28. Qxb7+ Kxb7 29. Nd4 Nd7 30. Ne6 Bg3 31. Nxf8 Bxe1 32. Nxd7 Bf2 33. Bc1 f4
34. Nf6 Re7 35. Ng4 Bg3 36. Rh5 Re2 37. Rxg5 1-0

[Event "35. Potsdamer Weihnachtsturnier"]
[Site "?"]
[Date "2010.12.28"]
[Round "4.20"]
[White "Roth, Joachim"]
[Black "Sicora, Carsten"]
[Result "1-0"]
[WhiteElo "1892"]
[BlackElo "1981"]
[PlyCount "92"]
[EventDate "2010.??.??"]
[WhiteTeam "FV Bund"]
[BlackTeam "ohne Verein"]

1. d4 Nf6 2. Nf3 g6 3. e3 Bg7 4. Bd3 O-O 5. O-O d6 6. c4 Nbd7 7. Nc3 e5 8. b4
Nh5 9. Be2 f5 10. a4 Nhf6 11. Ba3 Ne4 12. Rc1 Nxc3 13. Rxc3 e4 14. Nd2 a5 15.
b5 b6 16. Rc2 Rf7 17. Nb3 Qg5 18. Bc1 Bf8 19. f3 Bb7 20. fxe4 Bxe4 21. Bf3 Nf6
22. Rcf2 Re8 23. Be2 h5 24. Re1 h4 25. Bf1 Ng4 26. Rf4 Rh7 27. Bd2 Qe7 28. Be2
Nf6 29. Bf3 g5 30. Bxe4 gxf4 31. Bxf5 Qg7 32. Bxh7+ Qxh7 33. exf4 Ne4 34. Bc1
Kh8 35. Bb2 Bg7 36. Qc2 h3 37. g3 Re7 38. Nd2 Nxd2 39. Qxh7+ Kxh7 40. Rxe7 Nxc4
41. Bc3 Kg6 42. Kf2 Na3 43. Rxc7 Nb1 44. Ke3 Bf8 45. d5 Na3 46. Bb2 Nb1 1-0

[Event "35. Potsdamer Weihnachtsturnier"]
[Site "?"]
[Date "2010.12.28"]
[Round "4.22"]
[White "Werthmann, Nils"]
[Black "Scheide, Helmut"]
[Result "1/2-1/2"]
[WhiteElo "1746"]
[BlackElo "1965"]
[PlyCount "47"]
[EventDate "2010.??.??"]
[WhiteTeam "USV Potsdam e.V., Abt. Schach"]
[BlackTeam "USV Potsdam e.V., Abt. Schach"]

1. Nf3 Nf6 2. c4 e6 3. g3 d5 4. cxd5 exd5 5. Bg2 c6 6. O-O Bd6 7. d3 O-O 8. b3
Re8 9. Bb2 Nbd7 10. Nbd2 Qc7 11. Rc1 Ne5 12. Re1 Bg4 13. Nxe5 Bxe5 14. Bxe5
Qxe5 15. Nf3 Qd6 16. h3 Be6 17. e3 h6 18. Nd4 c5 19. Ne2 Rad8 20. Qc2 Rc8 21.
Qb2 Nh5 22. Red1 Qd7 23. Kh2 Qe7 24. Nf4 1/2-1/2

[Event "35. Potsdamer Weihnachtsturnier"]
[Site "?"]
[Date "2010.12.28"]
[Round "4.23"]
[White "Lenz, Tobias"]
[Black "Schmidt, Konrad"]
[Result "1-0"]
[WhiteElo "1955"]
[BlackElo "1478"]
[PlyCount "95"]
[EventDate "2010.??.??"]
[WhiteTeam "BSG Pneumant Fürstenwalde e.V."]
[BlackTeam "USV TU Dresden"]

1. e4 c5 2. Nf3 d6 3. c3 Nf6 4. Na3 a6 5. Be2 g6 6. O-O Bg7 7. d3 O-O 8. Re1 b5
9. Nc2 Nbd7 10. Bf1 Bb7 11. g3 Rb8 12. Bg2 Ng4 13. h3 Nge5 14. Qe2 Nxf3+ 15.
Bxf3 Ne5 16. Bg2 f5 17. f4 Nc6 18. exf5 Rxf5 19. Bxc6 Bxc6 20. Qxe7 Rf7 21.
Qxd8+ Rxd8 22. Bd2 Rdf8 23. Re6 Be5 24. Re1 Bd7 25. R6xe5 dxe5 26. Rxe5 Re8 27.
Rxe8+ Bxe8 28. Kf2 Bd7 29. g4 g5 30. f5 h6 31. Be3 c4 32. d4 a5 33. d5 Be8 34.
Bb6 a4 35. Bc5 Rc7 36. Bb4 Bd7 37. Ke3 Kf7 38. Kd4 Kf6 39. Ne3 Rc8 40. d6 Bc6
41. Nd5+ Bxd5 42. Kxd5 Kf7 43. d7 Rd8 44. Kd6 a3 45. bxa3 h5 46. Kc7 Rxd7+ 47.
Kxd7 hxg4 48. hxg4 1-0

[Event "35. Potsdamer Weihnachtsturnier"]
[Site "?"]
[Date "2010.12.28"]
[Round "4.24"]
[White "Rietze, Clemens"]
[Black "Calamar, George"]
[Result "1-0"]
[WhiteElo "2235"]
[BlackElo "1489"]
[PlyCount "41"]
[EventDate "2010.??.??"]
[WhiteTeam "USV Potsdam e.V., Abt. Schach"]
[BlackTeam "ohne Verein"]

1. e4 g6 2. d4 Bg7 3. Nc3 d6 4. f4 Nf6 5. Nf3 c5 6. Bb5+ Bd7 7. e5 dxe5 8. dxe5
Ng4 9. Bxd7+ Nxd7 10. Qe2 e6 11. Ng5 h5 12. Nce4 O-O 13. h3 Nh6 14. Be3 Nf5 15.
Rd1 Qc7 16. Bf2 b5 17. g4 hxg4 18. hxg4 Nh6 19. Qe3 Rfe8 20. Qh3 Bf8 21. Rxd7
1-0

[Event "35. Potsdamer Weihnachtsturnier"]
[Site "?"]
[Date "2010.12.28"]
[Round "4.25"]
[White "Brandt, Fred"]
[Black "Mix, Thomas"]
[Result "1-0"]
[WhiteElo "1911"]
[BlackElo "2033"]
[PlyCount "43"]
[EventDate "2010.??.??"]
[WhiteTeam "SV Königsjäger Süd-West e.V."]
[BlackTeam "SF Brannenburg"]

1. d4 d5 2. Nf3 Nf6 3. e3 e6 4. Bd3 Nbd7 5. c4 Be7 6. Nc3 O-O 7. O-O a6 8. cxd5
exd5 9. b3 Re8 10. Bb2 Bd6 11. Qc2 c6 12. Rfe1 Nf8 13. e4 dxe4 14. Nxe4 Nxe4
15. Bxe4 Be6 16. Qc3 Bd5 17. Bxd5 cxd5 18. Rxe8 Qxe8 19. Re1 Qb5 20. Qe3 Ne6
21. Ne5 Rc8 22. Nxf7 1-0

[Event "35. Potsdamer Weihnachtsturnier"]
[Site "?"]
[Date "2010.12.28"]
[Round "4.26"]
[White "Koenig, Frank"]
[Black "Schwarz, Oliver"]
[Result "0-1"]
[WhiteElo "1985"]
[BlackElo "1860"]
[PlyCount "132"]
[EventDate "2010.??.??"]
[WhiteTeam "BSG 1827 Eckbauer e.V."]
[BlackTeam "SV Königsjäger Süd-West e.V."]

1. Nf3 d5 2. g3 c5 3. Bg2 Nc6 4. d4 e6 5. O-O Nf6 6. c4 Be7 7. Nc3 O-O 8. cxd5
exd5 9. dxc5 Bxc5 10. Bg5 d4 11. Bxf6 Qxf6 12. Ne4 Qe7 13. Nxc5 Qxc5 14. Rc1
Qb6 15. Qc2 Nb4 16. Qd2 Nxa2 17. Ra1 Nb4 18. Nxd4 Rd8 19. e3 Bg4 20. h3 Bh5 21.
g4 Bg6 22. Rac1 Nd3 23. Rc2 Nf4 24. Rc3 Nxg2 25. Kxg2 Rac8 26. Re1 Rxc3 27.
Qxc3 h6 28. f3 Qa6 29. Rd1 Re8 30. e4 Qa4 31. b3 Qa2+ 32. Kg3 Qa6 33. h4 Qd6+
34. Kg2 Qf4 35. h5 Bxe4 36. Ne2 Qxg4+ 37. Ng3 Rc8 38. Kf2 Rxc3 39. fxg4 Bc2 40.
Rc1 Rc6 41. b4 Bd3 42. Rxc6 bxc6 43. Ke3 Bb5 44. Kd4 g6 45. Ne4 Kg7 46. Ke5 Be2
47. Nf6 gxh5 48. Nxh5+ Kh7 49. Kf5 Bd3+ 50. Kf6 Bc4 51. Ng3 Be6 52. g5 hxg5 53.
Kxg5 Kg7 54. Nh5+ Kf8 55. Kf6 Ke8 56. Ke5 Kd7 57. Nf6+ Kc7 58. Ne8+ Kb6 59. Nd6
c5 60. b5 c4 61. Ke4 f5+ 62. Ke5 c3 63. Kxe6 c2 64. Nc4+ Kc5 65. Nd2 f4 66. Ke5
f3 0-1

[Event "35. Potsdamer Weihnachtsturnier"]
[Site "?"]
[Date "2010.12.28"]
[Round "4.27"]
[White "Eichstaedt, Mirko"]
[Black "Petrykowski, Reinhardt"]
[Result "1/2-1/2"]
[WhiteElo "1855"]
[BlackElo "1913"]
[PlyCount "30"]
[EventDate "2010.??.??"]
[WhiteTeam "USV Potsdam e.V., Abt. Schach"]
[BlackTeam "SC Caissa Falkensee e.V."]

1. e4 d5 2. exd5 Qxd5 3. Nf3 e6 4. d4 Nf6 5. c4 Qd8 6. Nc3 Be7 7. Be2 b6 8. a3
Bb7 9. h3 c5 10. O-O O-O 11. Be3 cxd4 12. Qxd4 Qxd4 13. Nxd4 Nbd7 14. Bf3 Bxf3
15. Nxf3 Rac8 1/2-1/2